| 000 | 00652nam a22001817a 4500 | ||
|---|---|---|---|
| 003 | NUST-PNEC | ||
| 005 | 20170116180728.0 | ||
| 008 | 141113b xxu||||| |||| 00| 0 eng d | ||
| 040 | _cPNEC | ||
| 082 | _a004.62 GRI | ||
| 100 |
_9960 _aGrinberg, Arkady |
||
| 245 |
_aComputer/telecom integration : the SCAI solution _cArkady Grinberg |
||
| 260 |
_aNew York : _bMcGraw-Hill, _cc1995. |
||
| 300 |
_axi, 291 pages : _b illustrations ; _c24 cm. |
||
| 651 | _xComputer, MIS | ||
| 856 | _uhttp://www.amazon.com/Computer-Telecom-Integration-Scai-Grinberg/dp/0071133925/ref=sr_1_1?s=books&ie=UTF8&qid=1415870869&sr=1-1&keywords=0071133925 | ||
| 942 |
_2ddc _cBK |
||
| 999 |
_c61721 _d61721 |
||